El iconostasio: una teoría de la estética
Uloženo v:
| Hlavní autor: | |
|---|---|
| Médium: | Kniha |
| Jazyk: | španělština |
| Vydáno: |
Salamanca
Ediciones Sígueme
2016
|
| Vydání: | 2a. ed |
| Edice: | El Peso de los Días, 95
|
| Témata: | |
| Tagy: |
Přidat tag
Žádné tagy, Buďte první, kdo vytvoří štítek k tomuto záznamu!
|
MARC
| LEADER | 00000cam a2200000 a 4500 | ||
|---|---|---|---|
| 001 | UCC6538 | ||
| 003 | CL-VaPUC | ||
| 008 | 181213e20160000sp |||||||||||||||||spa|d | ||
| 020 | |a 9788430119998 | ||
| 082 | 0 | 4 | |a 701 |b FLO |2 21 |
| 100 | 0 | |a Florenski, Pavel |e author |9 601009 | |
| 245 | 1 | 3 | |a El iconostasio: una teoría de la estética |
| 250 | |a 2a. ed | ||
| 300 | |a 206 p | ||
| 942 | |c BK | ||
| 945 | |d 20181213 14:55:00 |a dcastane | ||
| 260 | |a Salamanca |b Ediciones Sígueme |c 2016 | ||
| 650 | 0 | |a Estética |9 264950 | |
| 650 | 0 | |a Iconos |9 380052 | |
| 650 | 0 | |a Iconografía |9 267998 | |
| 650 | 0 | |a Filosofía del arte |9 264951 | |
| 583 | |a last modification |c 20181213 14:55:00 |k Rodrigo Vera | ||
| 490 | 0 | |a El Peso de los Días, 95 | |
| 999 | |c 373478 |d 373476 | ||
| 952 | |0 0 |1 0 |3 erb |4 0 |6 701_000000000000000_FLO_2016 |7 0 |8 A |9 491587 |a BIBART |b BIBART |i 5523192 |l 3 |m 1 |o 701 FLO 2016 |p 5523192 |r 2025-03-13 |s 2022-11-21 |w 2019-11-24 |y BK |z Catalogado en:20181213 |k ART | ||